02198nam a2200397 4500001000700000003000900007005001700016008004100033020001800074080002300092080003200115080003200147080001900179245021500198250001200413260006700425300002000492490006900512500001500581504003800596505034400634594016700978600004201145600004301187651005201230651005201282651007101334651003801405700004701443700003801490700004101528830006101569852002501630999001901655952012601674174571ES-MaACL20251114103310.0100506s1990 ck |||| |dspa d a958-643-000-6 a929 Torres, Manuel a327(861:73)"1810/1831"(093) a327(73:861)"1810/1831"(093) a986.1"19"(093)03aLa Gran Colombia y los Estados Unidos de América b: relaciones diplomáticas, 1810-1831 / c[compiladores, Luis Horacio López Domínguez, Nicolás García Samudio] ; prólogo, Julio Londoño Paredes. a1ª ed. aBogotá : bFundación Francisco de Paula Santander, c1990. a2 v. ; c24 cm.1 aBiblioteca Presidencia de la República. aDocumentos ; v68-69 aÍndices. aBibliografía: v. 2, p. 348-350.0 av. 1, 1ª parte: Capítulos de historia diplomática, 1810-1831 / Nicolás García Samudio - v. 1, 2ª parte: Documentos relativos a las relaciones entre la Gran Colombia y los Estados Unidos de América, 1819-1831. Índices. Cronología - v. 2: [Documentos... (continuación)]. Índices. Fuentes y bibliografía. Cronología. aPrecede al tít.: Fundación para la Conmemoración del Bicentenario del Natalicio y el Sesquicentenario de la Muerte del General Francisco de Paula Santander.17aTorres, Manuel, d1764-18222914273614aSantander, Francisco de Paula.9142712 4aColombia-xRelaciones-zEstados Unidos.9142737 4aEstados Unidos-xRelaciones-zColombia.9142738 7aColombia-xHistoria-y1810-1822, Guerra de la Independencia.98075 4aGran Colombia-xHistoria.91710731 aLópez Domínguez, Luis Horacio.91427391 aLondoño Paredes, Julio.91427401 aGarcía Samudio, Nicolás.914274110aBiblioteca Presidencia de la República v68-699223702 aES-MaACLjC-57198-99 c174571d174571 00104070aATENEOMbATENEOMcDEPO2d2010-05-06eDONl0oC-57198-99p1183257r2023-02-23 00:00:00w2023-02-23yMONOGRAFIA